| 000 | 00311nam a22001097a 4500 | ||
|---|---|---|---|
| 020 | _a9783838392981 | ||
| 100 | _aKhan, Yasir Amir | ||
| 245 |
_aModeling and Neural Control of Quadrotor Helicopter / _cYasir Amir Khan |
||
| 260 |
_aUSA, _bLambert, _c2010. |
||
| 300 |
_a65p. ; _bPaperback |
||
| 942 |
_2ddc _cBK |
||
| 999 |
_c594319 _d594319 |
||